[Event "PARDUBICE OPEN  2007 "]
[Site "CEZ arena,  Pardubice  (CZE)"]
[Date "2007.07.25"]
[Round "6"]
[White "Bosiocic, Marin"]
[Black "Aliavdin, Nikolai"]
[Result "1-0"]
[WhiteElo "2496"]
[BlackElo "2403"]
[PlyCount "69"]
[EventDate "2007.07.20"]

1. e4 c5 2. Nf3 d6 3. c3 Nf6 4. h3 Nbd7 5. Bd3 b6 6. O-O Bb7 7. Re1 e5 8. Bc2
Be7 9. d4 O-O 10. Nbd2 Re8 11. dxe5 dxe5 12. a4 Qc7 13. Bb3 Ba6 14. Bc4 Bxc4
15. Nxc4 Bf8 16. Bg5 a6 17. Qe2 Rab8 18. Ncd2 b5 19. axb5 axb5 20. c4 bxc4 21.
Nxc4 Nh5 22. Rad1 g6 23. Qd3 Nb6 24. Nfd2 f6 25. Be3 Red8 26. Qa3 Nxc4 27. Nxc4
Ng7 28. Rxd8 Rxd8 29. Qa6 Qf7 30. Ra1 Ne6 31. Qb6 Rd7 32. Ra8 Nc7 33. Rc8 Qxc4
34. Bh6 Rf7 35. Qxc7 1-0

[Event "PARDUBICE OPEN  2007 "]
[Site "CEZ arena,  Pardubice  (CZE)"]
[Date "2007.07.25"]
[Round "6"]
[White "Jaracz, Pawel"]
[Black "Meduna, Eduard"]
[Result "0-1"]
[WhiteElo "2495"]
[BlackElo "2392"]
[PlyCount "110"]
[EventDate "2007.07.20"]

1. e4 c6 2. d4 d5 3. e5 Bf5 4. Nd2 e6 5. Nb3 Nd7 6. Nf3 h6 7. Be2 Ne7 8. O-O
Bh7 9. c3 Nf5 10. Ne1 c5 11. Nxc5 Bxc5 12. dxc5 Nxe5 13. Nf3 Nxf3+ 14. Bxf3 O-O
15. c4 Nh4 16. cxd5 Nxf3+ 17. Qxf3 exd5 18. Rd1 d4 19. Be3 d3 20. Qxb7 Re8 21.
Qf3 Rc8 22. Rd2 a5 23. Rc1 Be4 24. Qh5 Qd7 25. Rc3 Rc6 26. Rc4 Rce6 27. h3 Qc6
28. Rxe4 Qxe4 29. Qg4 Qd5 30. Qd4 Qxd4 31. Bxd4 Re1+ 32. Kh2 Rd8 33. Bc3 Re2
34. Bxa5 Ra8 35. Rxe2 dxe2 36. Be1 Rxa2 37. c6 Rxb2 38. Kg3 Rc2 39. Kf3 f5 40.
c7 Kf7 41. c8=Q Rxc8 42. Kxe2 Re8+ 43. Kf1 Ke6 44. g3 Kd5 45. Bc3 g5 46. Kg2
Ke4 47. Bd2 Rc8 48. h4 Rc2 49. Bb4 gxh4 50. gxh4 h5 51. Bd6 f4 52. Bb8 Rc8 53.
Ba7 Rg8+ 54. Kh3 Kf3 55. Bb6 Rg2 0-1

[Event "PARDUBICE OPEN  2007 "]
[Site "CEZ arena,  Pardubice  (CZE)"]
[Date "2007.07.25"]
[Round "6"]
[White "Krumpacnik, Domen"]
[Black "Thiede, Lars"]
[Result "1/2-1/2"]
[WhiteElo "2410"]
[BlackElo "2489"]
[PlyCount "116"]
[EventDate "2007.07.20"]

1. d4 g6 2. e4 Bg7 3. Nf3 d6 4. Bc4 Nf6 5. Qe2 O-O 6. O-O Bg4 7. h3 Bxf3 8.
Qxf3 Nc6 9. c3 e5 10. Bb5 exd4 11. Bxc6 bxc6 12. cxd4 d5 13. e5 Ne4 14. Nc3 f6
15. Nxe4 fxe5 16. Qg4 dxe4 17. dxe5 Qd5 18. Bf4 Bxe5 19. Rad1 Bd4 20. Be3 c5
21. b4 Qc4 22. Bxd4 cxd4 23. Qxe4 Rad8 24. Rc1 Qxa2 25. Rxc7 Rf7 26. Qh4 Rdd7
27. Rc8+ Kg7 28. Qg3 Qe6 29. Qd3 Qf5 30. Qxf5 Rxf5 31. Rd1 d3 32. Kf1 h5 33.
Rc3 Rfd5 34. Ke1 Rd4 35. Rb1 Re7+ 36. Kf1 d2 37. Rd1 Rxb4 38. Rd3 Rb2 39. R3xd2
Rxd2 40. Rxd2 a5 41. Ra2 Ra7 42. Ke2 a4 43. Ra3 Kf6 44. Kd3 Kg5 45. Ke3 Kf5 46.
Kd4 h4 47. g3 hxg3 48. fxg3 Rh7 49. Rxa4 Rxh3 50. Ke3 Rxg3+ 51. Kf2 Rb3 52. Kg2
g5 53. Ra5+ Kg4 54. Ra4+ Kh5 55. Ra2 Kh4 56. Ra4+ g4 57. Ra2 Rg3+ 58. Kh2 Rd3
1/2-1/2

[Event "PARDUBICE OPEN  2007 "]
[Site "CEZ arena,  Pardubice  (CZE)"]
[Date "2007.07.25"]
[Round "6"]
[White "Simacek, Pavel"]
[Black "Sodoma, Jan"]
[Result "1/2-1/2"]
[WhiteElo "2481"]
[BlackElo "2334"]
[PlyCount "102"]
[EventDate "2007.07.20"]

1. e4 e5 2. Nf3 Nc6 3. Bb5 a6 4. Bxc6 dxc6 5. Nc3 Qf6 6. d4 exd4 7. Qxd4 Bg4 8.
Bg5 Qxd4 9. Nxd4 Bb4 10. f3 Bxc3+ 11. bxc3 Bd7 12. O-O-O f6 13. Be3 O-O-O 14.
h4 h5 15. Ne2 b6 16. Nf4 Ne7 17. Rd2 c5 18. Rhd1 Nc6 19. Nd5 Be6 20. Bf4 Rd7
21. Rd3 Re8 22. Kb2 Na5 23. Ne3 Red8 24. Kb1 Nc4 25. Nf5 Bxf5 26. exf5 Nd6 27.
g4 c4 28. Re3 Nb5 29. Rxd7 Kxd7 30. gxh5 Re8 31. Rxe8 Kxe8 32. Kc1 Nxc3 33.
Bxc7 b5 34. Bd6 a5 35. a4 bxa4 36. Bc5 Kf7 37. Be3 a3 38. Bd2 Ne2+ 39. Kb1 Nd4
40. h6 gxh6 41. h5 Nxf5 42. Ka2 Nd4 43. Kxa3 Nxc2+ 44. Ka4 Nd4 45. Bxh6 c3 46.
Ka3 a4 47. Kxa4 c2 48. Ka3 Ne2 49. Kb2 c1=Q+ 50. Bxc1 Nxc1 51. Kxc1 Kg7 1/2-1/2

[Event "PARDUBICE OPEN  2007 "]
[Site "CEZ arena,  Pardubice  (CZE)"]
[Date "2007.07.25"]
[Round "6"]
[White "Biriukov, Oleg"]
[Black "Potapov, Alexander"]
[Result "1/2-1/2"]
[WhiteElo "2382"]
[BlackElo "2480"]
[PlyCount "39"]
[EventDate "2007.07.20"]

1. d4 f5 2. g3 Nf6 3. Bg2 g6 4. c4 Bg7 5. Nc3 d6 6. Nf3 O-O 7. O-O Qe8 8. d5 a5
9. Ne1 Na6 10. Nd3 e5 11. dxe6 c6 12. Na4 Bxe6 13. Nb6 Rb8 14. Bd2 Nd7 15. Nxd7
Qxd7 16. Rc1 Qf7 17. Qc2 Ra8 18. b3 Nc5 19. Nxc5 dxc5 20. a4 1/2-1/2

[Event "PARDUBICE OPEN  2007 "]
[Site "CEZ arena,  Pardubice  (CZE)"]
[Date "2007.07.25"]
[Round "6"]
[White "Dinger, Florian"]
[Black "Ismagambetov, Anuar"]
[Result "1/2-1/2"]
[WhiteElo "2332"]
[BlackElo "2479"]
[PlyCount "135"]
[EventDate "2007.07.20"]

1. e4 e5 2. Nf3 Nc6 3. Bb5 Nf6 4. O-O Nxe4 5. d4 Nd6 6. Bxc6 dxc6 7. dxe5 Nf5
8. Qxd8+ Kxd8 9. Nc3 a5 10. b3 Be7 11. Ne2 a4 12. Bb2 Be6 13. Nf4 c5 14. g4 Nh4
15. Nxe6+ fxe6 16. Nxh4 Bxh4 17. f4 Ke7 18. Kg2 Kf7 19. Bc3 Be7 20. Rad1 axb3
21. axb3 Ra2 22. Rf2 Rd8 23. Rxd8 Bxd8 24. Re2 Be7 25. Kf3 b5 26. Be1 g6 27. c4
Ra3 28. Re3 c6 29. Ke4 Ra2 30. h3 Rc2 31. Kd3 Rb2 32. Kc3 Rg2 33. Rf3 h5 34.
Bg3 hxg4 35. hxg4 Bd8 36. Kd3 Rb2 37. Ke4 Ba5 38. f5 gxf5+ 39. gxf5 Re2+ 40.
Kd3 Rd2+ 41. Ke3 bxc4 42. bxc4 Rd4 43. fxe6+ Kxe6 44. Rf6+ Kd7 45. Kf3 Bd2 46.
Bf2 Bg5 47. Rf5 Rd3+ 48. Ke2 Rd2+ 49. Ke1 Bh6 50. Rf6 Bg5 51. Rg6 Bf4 52. Bxc5
Kc7 53. e6 Rd8 54. Rg7+ Kc8 55. Ke2 Re8 56. Kf3 Bc7 57. Rg6 Bh2 58. Ke4 Rh8 59.
Bf2 Kc7 60. Kf5 Rh5+ 61. Kg4 Rh8 62. Bc5 Be5 63. Rg5 Bf6 64. Rf5 Rh4+ 65. Kg3
Rxc4 66. e7 Kd7 67. Rxf6 Rxc5 68. Re6 1/2-1/2

[Event "PARDUBICE OPEN  2007 "]
[Site "CEZ arena,  Pardubice  (CZE)"]
[Date "2007.07.25"]
[Round "6"]
[White "Akesson, Ralf"]
[Black "Krzesaj, Robert"]
[Result "1-0"]
[WhiteElo "2477"]
[BlackElo "2323"]
[PlyCount "115"]
[EventDate "2007.07.20"]

1. d4 d5 2. c4 c6 3. Nc3 Nf6 4. e3 a6 5. Qc2 e6 6. Nf3 c5 7. cxd5 exd5 8. Be2
Nc6 9. O-O Be7 10. dxc5 Bxc5 11. Rd1 Bd6 12. Nxd5 Nxd5 13. e4 Ndb4 14. Qc3 Qc7
15. Qxg7 Be5 16. Nxe5 Qxe5 17. Bh6 Qxg7 18. Bxg7 Rg8 19. Bc3 a5 20. a3 Na6 21.
b4 axb4 22. axb4 Nc7 23. b5 Rxa1 24. Bxa1 Ne7 25. b6 Ne6 26. Bb5+ Nc6 27. Bf6
Bd7 28. Ra1 Ncd8 29. Bc4 Bc6 30. Bxe6 fxe6 31. Bxd8 Bxe4 32. g3 Rf8 33. Bg5 Bf3
34. Bf4 Kf7 35. Ra3 Bc6 36. f3 Kg6 37. Kf2 Rf5 38. Bc7 Rb5 39. g4 Bd5 40. Ra8
h5 41. Rg8+ Kh7 42. Rg5 Bc6 43. Be5 hxg4 44. fxg4 Rxb6 45. h4 Ra6 46. h5 Ra5
47. Kg3 Be8 48. Kh4 Ra4 49. Rg7+ Kh6 50. Rg8 Bxh5 51. Rh8+ Kg6 52. Rxh5 b5 53.
Rg5+ Kh6 54. Rg8 Re4 55. Bf6 b4 56. Rb8 e5 57. Rb6 Kh7 58. Kh5 1-0

[Event "PARDUBICE OPEN  2007 "]
[Site "CEZ arena,  Pardubice  (CZE)"]
[Date "2007.07.25"]
[Round "6"]
[White "Bajarani, Ilgar"]
[Black "Feller, Sebastian"]
[Result "0-1"]
[WhiteElo "2319"]
[BlackElo "2476"]
[PlyCount "68"]
[EventDate "2007.07.20"]

1. c4 e6 2. Nc3 d5 3. d4 c6 4. cxd5 exd5 5. Nf3 Bf5 6. Bf4 Qb6 7. Qc1 Nd7 8. e3
Be7 9. Be2 Ngf6 10. O-O O-O 11. a3 a5 12. Ne5 Nxe5 13. Bxe5 Nd7 14. Bg3 Rfe8
15. Qd2 g6 16. f3 Bg5 17. Bf2 h5 18. h4 Bh6 19. g4 hxg4 20. fxg4 Be6 21. g5 Bg7
22. Kg2 Qd8 23. Bg3 b5 24. Bf4 Nb6 25. b3 Qd7 26. Kg3 Bf5 27. Nd1 c5 28. Ra2
cxd4 29. exd4 a4 30. bxa4 Rxa4 31. Nc3 Rxd4 32. Qc1 Rc8 33. Bxb5 Rxc3+ 34. Qxc3
Qxb5 0-1

[Event "PARDUBICE OPEN  2007 "]
[Site "CEZ arena,  Pardubice  (CZE)"]
[Date "2007.07.25"]
[Round "6"]
[White "Pakhomov, Alexey"]
[Black "Bucinskas, Valdas"]
[Result "1/2-1/2"]
[WhiteElo "2473"]
[BlackElo "2311"]
[PlyCount "63"]
[EventDate "2007.07.20"]

1. e4 c5 2. Nc3 e6 3. g3 a6 4. Bg2 b5 5. d3 Bb7 6. Nh3 Qc7 7. O-O Nc6 8. a4 b4
9. Ne2 g6 10. c3 Bg7 11. d4 cxd4 12. cxd4 Nf6 13. Bf4 d6 14. Qd2 Rd8 15. Rac1
Qd7 16. Bh6 O-O 17. Bxg7 Kxg7 18. f3 Qc7 19. Qxb4 Rb8 20. Qd2 Qb6 21. Nf2 a5
22. Rfd1 Ba6 23. Bf1 Rfc8 24. Nc3 Bxf1 25. Kxf1 Qxb2 26. Nb5 Qxd2 27. Rxd2 Ne8
28. Rdc2 Ne7 29. Nd3 Rxc2 30. Rxc2 Rc8 31. Rxc8 Nxc8 32. Nb2 1/2-1/2

[Event "PARDUBICE OPEN  2007 "]
[Site "CEZ arena,  Pardubice  (CZE)"]
[Date "2007.07.25"]
[Round "6"]
[White "Vanek, Tomas"]
[Black "Adla, Diego"]
[Result "0-1"]
[WhiteElo "2271"]
[BlackElo "2472"]
[PlyCount "120"]
[EventDate "2007.07.20"]

1. f4 g6 2. g3 Bg7 3. Bg2 c5 4. Nf3 Nf6 5. d3 O-O 6. O-O Nc6 7. c3 d6 8. e4 Bg4
9. h3 Bxf3 10. Bxf3 Rc8 11. g4 b5 12. h4 b4 13. h5 bxc3 14. bxc3 Nd7 15. hxg6
hxg6 16. g5 Qa5 17. Rf2 Rc7 18. Bg4 Rb8 19. e5 Nf8 20. Be3 e6 21. Nd2 dxe5 22.
Ne4 c4 23. dxc4 Rcb7 24. Qf3 exf4 25. Bxf4 Ne5 26. Bxe5 Qxe5 27. Raf1 Nh7 28.
Nf6+ Nxf6 29. gxf6 Bh6 30. Re2 Qc5+ 31. Kh1 Rb1 32. Rh2 Qxc4 33. Bh3 Bf4 34.
Rhf2 Be5 35. Qe3 Qxc3 36. Qh6 Rxf1+ 37. Bxf1 Bxf6 38. Qf4 Rb2 39. Qxf6 Qxf6 40.
Rxf6 Rxa2 41. Bc4 Ra4 42. Bb5 Ra1+ 43. Kg2 Kg7 44. Rf2 f5 45. Bd7 Kf6 46. Rc2
Rd1 47. Rc7 a5 48. Ra7 Rd5 49. Bc6 Rc5 50. Ra6 g5 51. Bd7 Re5 52. Kf2 f4 53.
Ba4 g4 54. Bd1 Kg5 55. Bb3 g3+ 56. Kg2 Re2+ 57. Kg1 f3 58. Rxa5+ e5 59. Ra1 f2+
60. Kf1 g2+ 0-1

[Event "PARDUBICE OPEN  2007 "]
[Site "CEZ arena,  Pardubice  (CZE)"]
[Date "2007.07.25"]
[Round "6"]
[White "Brokken, Dennis"]
[Black "Safarli, Eltaj"]
[Result "1/2-1/2"]
[WhiteElo "2248"]
[BlackElo "2471"]
[PlyCount "86"]
[EventDate "2007.07.20"]

1. d4 Nf6 2. c4 e6 3. Nc3 Bb4 4. Qc2 c5 5. dxc5 O-O 6. a3 Bxc5 7. Nf3 Nc6 8.
Bg5 Nd4 9. Nxd4 Bxd4 10. e3 Qa5 11. exd4 Qxg5 12. Qd2 Qa5 13. b4 Qd8 14. Be2 b6
15. Bf3 Rb8 16. O-O Ba6 17. Be2 Rc8 18. c5 Bxe2 19. Qxe2 d6 20. Nb5 dxc5 21.
dxc5 Qe7 22. cxb6 axb6 23. Rfc1 Nd5 24. Qe5 Qd7 25. Nc3 Qc6 26. Ne2 Qa8 27. Nc3
Ne7 28. Qe3 Rc4 29. f3 Nf5 30. Qd3 Rfc8 31. Ne2 b5 32. Rxc4 bxc4 33. Qc3 Qa7+
34. Kh1 h6 35. Ng3 Nd4 36. Nh5 e5 37. Re1 f6 38. f4 Qf7 39. fxe5 fxe5 40. Ng3
Qd5 41. a4 Rf8 42. Rc1 Rc8 43. Re1 Rf8 1/2-1/2

[Event "PARDUBICE OPEN  2007 "]
[Site "CEZ arena,  Pardubice  (CZE)"]
[Date "2007.07.25"]
[Round "6"]
[White "Voloshin, Leonid"]
[Black "Sidorenko, Ilya"]
[Result "1/2-1/2"]
[WhiteElo "2462"]
[BlackElo "2256"]
[PlyCount "54"]
[EventDate "2007.07.20"]

1. e4 c5 2. Nf3 d6 3. d4 cxd4 4. Nxd4 Nf6 5. Nc3 Nc6 6. h3 e5 7. Nde2 Be6 8. g4
d5 9. exd5 Nxd5 10. Bg2 Nxc3 11. Nxc3 Qxd1+ 12. Nxd1 O-O-O 13. c3 h5 14. Ne3
hxg4 15. hxg4 Bc5 16. g5 Rxh1+ 17. Bxh1 Rh8 18. Bf3 Rh3 19. Bg2 Rh2 20. Kf1 Be7
21. Kg1 Rh4 22. Nf1 Ra4 23. a3 Na5 24. Be3 Nc4 25. Bc1 Ra6 26. Be4 Nd6 27. Bc2
Rb6 1/2-1/2

[Event "PARDUBICE OPEN  2007 "]
[Site "CEZ arena,  Pardubice  (CZE)"]
[Date "2007.07.25"]
[Round "6"]
[White "Mista, Aleksander"]
[Black "Rojicek, Vojtech"]
[Result "1-0"]
[WhiteElo "2553"]
[BlackElo "2354"]
[PlyCount "105"]
[EventDate "2007.07.20"]

1. e4 c5 2. Nf3 d6 3. d4 cxd4 4. Nxd4 Nf6 5. Nc3 g6 6. Be3 Bg7 7. f3 O-O 8. Qd2
Nc6 9. Bc4 Bd7 10. h4 Rc8 11. Bb3 h5 12. O-O-O Ne5 13. Kb1 Nc4 14. Bxc4 Rxc4
15. Nb3 Qc7 16. Bd4 Bc6 17. Rhe1 b5 18. e5 dxe5 19. Bxe5 Qb6 20. Bd4 Qc7 21.
Qe2 e6 22. Be5 Qb6 23. Nd2 Rxh4 24. g3 Rb4 25. a3 Rd4 26. Bxd4 Qxd4 27. Nde4
Qb6 28. Nxf6+ Bxf6 29. Ne4 Bg7 30. Qd2 Bd5 31. g4 hxg4 32. fxg4 b4 33. Qxb4 Qc7
34. Nc3 Rb8 35. Nxd5 exd5 36. Re7 Rxb4 37. Rxc7 Rxb2+ 38. Kc1 Ra2 39. Rc8+ Bf8
40. Rxd5 Kg7 41. g5 Bxa3+ 42. Kd1 Ra1+ 43. Ke2 Rg1 44. Rc7 a6 45. Rdd7 Rxg5 46.
Rxf7+ Kg8 47. Rg7+ Kh8 48. Rh7+ Kg8 49. Rcg7+ Kf8 50. Ra7 Kg8 51. Rhg7+ Kh8 52.
Rgc7 Re5+ 53. Kd3 1-0

[Event "PARDUBICE OPEN  2007 "]
[Site "CEZ arena,  Pardubice  (CZE)"]
[Date "2007.07.25"]
[Round "6"]
[White "Kleyman, Boris"]
[Black "Cvek, Robert"]
[Result "0-1"]
[WhiteElo "2337"]
[BlackElo "2548"]
[PlyCount "100"]
[EventDate "2007.07.20"]

1. d4 Nf6 2. Nf3 e6 3. c4 b6 4. Nc3 Bb7 5. a3 d5 6. Bg5 Be7 7. e3 O-O 8. Qc2
Nbd7 9. cxd5 exd5 10. Bd3 c5 11. O-O g6 12. Rad1 a6 13. h3 Re8 14. Rfe1 c4 15.
Bf1 Ne4 16. Bxe7 Qxe7 17. Nd2 Nxc3 18. Qxc3 b5 19. g3 f5 20. Bg2 a5 21. Ra1 b4
22. Qc2 Nf6 23. Nf3 b3 24. Qc1 Rec8 25. Nd2 Ne4 26. Nb1 h5 27. Nc3 Kh7 28. Re2
Qg5 29. Qe1 h4 30. Kh2 Kg7 31. Rc1 Rh8 32. Nxe4 fxe4 33. f4 hxg3+ 34. Qxg3 Qf5
35. Rg1 Bc8 36. Rh1 Bd7 37. Kg1 Rac8 38. Qe1 c3 39. bxc3 a4 40. Qd2 Qf6 41. Re1
Qh4 42. Rc1 Bb5 43. Kh2 Bd7 44. Kg1 Rc4 45. Rh2 Qg3 46. Qf2 Qxf2+ 47. Kxf2 Rhc8
48. Rhh1 Rxc3 49. Rb1 Rc2+ 50. Kg3 R8c3 0-1

[Event "PARDUBICE OPEN  2007 "]
[Site "CEZ arena,  Pardubice  (CZE)"]
[Date "2007.07.25"]
[Round "6"]
[White "Jakubiec, Artur"]
[Black "Priborsky, Ivo"]
[Result "1-0"]
[WhiteElo "2541"]
[BlackElo "2339"]
[PlyCount "105"]
[EventDate "2007.07.20"]

1. f4 e5 2. e4 Qh4+ 3. g3 Qe7 4. Nc3 exf4 5. d4 fxg3 6. hxg3 d5 7. Bf4 c6 8.
Qe2 Be6 9. O-O-O Nf6 10. e5 Nfd7 11. Nf3 Na6 12. Ng5 O-O-O 13. Nxe6 fxe6 14.
Qg4 Qf7 15. Bd3 Be7 16. Rhf1 h5 17. Bg6 hxg4 18. Bxf7 Nc7 19. Bg6 Rdf8 20. Ne2
c5 21. Rh1 Rh3 22. c3 Rfh8 23. Rhf1 Nf8 24. Bd3 c4 25. Bc2 Rh2 26. Rde1 Kd7 27.
Be3 g5 28. Rf7 Rg8 29. Kd1 Ke8 30. Ref1 b5 31. b3 a6 32. Bc1 Kd8 33. Ke1 a5 34.
Bd2 Ng6 35. Kd1 Nh8 36. R7f2 Rh3 37. a4 cxb3 38. Bxb3 bxa4 39. Bxa4 Na8 40. c4
dxc4 41. Bxa5+ Kc8 42. Kd2 Kb7 43. Bb5 Nc7 44. Bxc4 Nd5 45. Rb1+ Ka7 46. Ra1
Kb7 47. Rff1 Ra8 48. Rfb1+ Kc8 49. Nc3 Rh2+ 50. Kd3 Nc7 51. Bxc7 Rxa1 52. Bxe6+
Kxc7 53. Nd5+ 1-0

[Event "PARDUBICE OPEN  2007 "]
[Site "CEZ arena,  Pardubice  (CZE)"]
[Date "2007.07.25"]
[Round "6"]
[White "Warakomski, Tomasz"]
[Black "Krensing, Jan"]
[Result "1-0"]
[WhiteElo "2506"]
[BlackElo "2325"]
[PlyCount "57"]
[EventDate "2007.07.20"]

1. e4 e6 2. d4 d5 3. Nd2 c5 4. exd5 Qxd5 5. Ngf3 cxd4 6. Bc4 Qd6 7. O-O Nf6 8.
Nb3 Nc6 9. Nbxd4 Nxd4 10. Nxd4 a6 11. Re1 Bd7 12. Bg5 O-O-O 13. Re3 Qc7 14.
Bxa6 Bc6 15. Rc3 bxa6 16. Rxc6 Qxc6 17. Nxc6 Rxd1+ 18. Rxd1 Bc5 19. Be3 Bxe3
20. fxe3 Ng4 21. Rd3 Kc7 22. Rc3 Kb6 23. h3 Nxe3 24. Ne5 Nd5 25. Rb3+ Kc5 26.
Nxf7 Rc8 27. Rg3 Rb8 28. b3 Nb4 29. a3 1-0

[Event "PARDUBICE OPEN  2007 "]
[Site "CEZ arena,  Pardubice  (CZE)"]
[Date "2007.07.25"]
[Round "6"]
[White "Gjuran, Denis"]
[Black "Panchanathan, Magesh"]
[Result "1/2-1/2"]
[WhiteElo "2332"]
[BlackElo "2486"]
[PlyCount "90"]
[EventDate "2007.07.20"]

1. e4 e5 2. Nf3 Nc6 3. d4 exd4 4. Bc4 Nf6 5. e5 d5 6. Bb5 Ne4 7. Nxd4 Bd7 8.
Bxc6 bxc6 9. O-O Bc5 10. f3 Ng5 11. f4 Ne6 12. c3 f5 13. Na3 O-O 14. Be3 Bxa3
15. Nxe6 Bxe6 16. bxa3 Qe7 17. Qa4 d4 18. Bxd4 Bd5 19. Qa5 Qf7 20. e6 Qxe6 21.
Rae1 Qg6 22. Rf2 Rfe8 23. Be5 h5 24. Qxc7 a6 25. Re3 h4 26. h3 Be4 27. Rd2 Rac8
28. Qd6 Re6 29. Qd7 Rce8 30. Rxe4 R6e7 31. Re3 Rxd7 32. Rxd7 Kh7 33. Kh2 Rg8
34. Red3 Qe6 35. R3d6 Qxa2 36. Rxc6 Qxa3 37. Ra7 a5 38. Rca6 Qc5 39. Bd4 Qd5
40. Rxa5 Qe4 41. Be5 Kh6 42. R5a6+ Kh5 43. Rd7 Qe3 44. Raa7 Qg3+ 45. Kg1 Qe1+
1/2-1/2

[Event "PARDUBICE OPEN  2007 "]
[Site "CEZ arena,  Pardubice  (CZE)"]
[Date "2007.07.25"]
[Round "6"]
[White "Maiorov, Nikita"]
[Black "Kutynec, Vladimir"]
[Result "1-0"]
[WhiteElo "2487"]
[BlackElo "2319"]
[PlyCount "79"]
[EventDate "2007.07.20"]

1. d4 Nf6 2. c4 e5 3. dxe5 Ng4 4. Bf4 Nc6 5. Nf3 Bb4+ 6. Nbd2 Qe7 7. e3 Ngxe5
8. Nxe5 Nxe5 9. Be2 O-O 10. O-O Ng6 11. Bg3 Bd6 12. Bxd6 Qxd6 13. Ne4 Qe5 14.
Nc3 d6 15. Qd2 Bd7 16. Nd5 Rfc8 17. f4 Qe8 18. Bd3 Bc6 19. Nc3 a5 20. b3 Nf8
21. e4 Qe7 22. Rae1 Re8 23. Bc2 Qf6 24. Re3 Re6 25. Nd5 Bxd5 26. cxd5 Re7 27.
e5 dxe5 28. fxe5 Qh6 29. Qf2 Ng6 30. e6 f6 31. Rh3 Qg5 32. Bf5 Rd8 33. Qd4 b6
34. Qe4 Ree8 35. Rg3 Qh6 36. Bxg6 hxg6 37. Rxf6 Qc1+ 38. Rf1 Qc5+ 39. Kh1 Qxd5
40. Qxg6 1-0

[Event "PARDUBICE OPEN  2007 "]
[Site "CEZ arena,  Pardubice  (CZE)"]
[Date "2007.07.25"]
[Round "6"]
[White "Vasjukov, Evgeni"]
[Black "Lagerman, Robert"]
[Result "1-0"]
[WhiteElo "2486"]
[BlackElo "2315"]
[PlyCount "67"]
[EventDate "2007.07.20"]

1. e4 e5 2. Bc4 Nf6 3. d3 c6 4. Nf3 d5 5. Bb3 Bd6 6. Nc3 dxe4 7. Ng5 O-O 8.
Ncxe4 Nxe4 9. Nxe4 Bf5 10. Qf3 Bxe4 11. dxe4 Nd7 12. c3 Nc5 13. Bc2 Ne6 14. O-O
Qe7 15. g3 a5 16. Bd2 Rfd8 17. Rad1 Bc5 18. Kh1 Rd7 19. Bc1 Rxd1 20. Qxd1 Rd8
21. Qe2 b5 22. a4 Nc7 23. Bb3 Kh8 24. h4 f6 25. Kg2 Qd7 26. h5 h6 27. Rd1 Qe7
28. Rxd8+ Qxd8 29. Be3 Bxe3 30. Qxe3 Ne8 31. Qc5 Qd6 32. Qa7 Qd8 33. Qb7 Qc7
34. Qa8 1-0

[Event "PARDUBICE OPEN  2007 "]
[Site "CEZ arena,  Pardubice  (CZE)"]
[Date "2007.07.25"]
[Round "6"]
[White "Pileckis, Emilis"]
[Black "Hoffmann, Michael"]
[Result "1/2-1/2"]
[WhiteElo "2326"]
[BlackElo "2481"]
[PlyCount "109"]
[EventDate "2007.07.20"]

1. d4 Nf6 2. c4 g6 3. Nc3 d5 4. cxd5 Nxd5 5. Na4 e5 6. dxe5 Bb4+ 7. Bd2 Ne3 8.
fxe3 Bxd2+ 9. Qxd2 Qh4+ 10. g3 Qxa4 11. Bg2 Qd7 12. Qc3 O-O 13. Nh3 Qe7 14. Nf2
c6 15. O-O Bf5 16. g4 Be6 17. Ne4 Na6 18. Rf4 Kg7 19. Nd6 Kg8 20. Raf1 Rab8 21.
e4 Nc7 22. Nf5 gxf5 23. gxf5 Kh8 24. fxe6 Nxe6 25. Rf6 Qc5+ 26. Qxc5 Nxc5 27.
Rxf7 Kg8 28. Re7 a5 29. Rf5 Rbe8 30. Rg5+ Kh8 31. Rgg7 Rxe7 32. Rxe7 Rg8 33.
Kf2 Rg7 34. Re8+ Rg8 35. Re7 Rg7 36. Re8+ Rg8 37. Rxg8+ Kxg8 38. Ke3 Kf7 39.
Bh3 Ke7 40. Kd4 b6 41. Bc8 h6 42. e6 Kd6 43. Bd7 Nxe6+ 44. Bxe6 Kxe6 45. h4 h5
46. a3 Kf6 47. Kd3 Ke5 48. Ke3 a4 49. Kd3 b5 50. Ke3 c5 51. Kf3 b4 52. Ke3 c4
53. Kd2 c3+ 54. bxc3 b3 55. Kd3 1/2-1/2

[Event "PARDUBICE OPEN  2007 "]
[Site "CEZ arena,  Pardubice  (CZE)"]
[Date "2007.07.25"]
[Round "6"]
[White "Zaremba, Andrei"]
[Black "Orlov, Andrey"]
[Result "1/2-1/2"]
[WhiteElo "2321"]
[BlackElo "2477"]
[PlyCount "76"]
[EventDate "2007.07.20"]

1. d4 d5 2. Nf3 Nf6 3. c4 c6 4. Nc3 e6 5. cxd5 exd5 6. Bg5 Be7 7. e3 Bf5 8. Bd3
Bxd3 9. Qxd3 Nbd7 10. O-O O-O 11. Bxf6 Nxf6 12. Rab1 a5 13. Ne5 Bd6 14. f4 Qe7
15. Rf3 Bb4 16. g4 Bxc3 17. Qxc3 Ne4 18. Qc2 f6 19. Nd3 Rfe8 20. h4 Rac8 21.
Rc1 b6 22. f5 Qd7 23. Nf4 Kh8 24. Ne6 c5 25. Qd1 cxd4 26. exd4 Rxc1 27. Qxc1
Rc8 28. Qf4 Qb5 29. Rf1 Qxb2 30. g5 Qe2 31. a4 Nd2 32. Rf2 Qd1+ 33. Kh2 Ne4 34.
Rg2 Qh5 35. gxf6 gxf6 36. Kh3 Rc3+ 37. Kh2 Rc8 38. Kh3 Rc3+ 1/2-1/2

[Event "PARDUBICE OPEN  2007 "]
[Site "CEZ arena,  Pardubice  (CZE)"]
[Date "2007.07.25"]
[Round "6"]
[White "Mihailovs, Jurijs"]
[Black "Haub, Thorsten-Michael"]
[Result "0-1"]
[WhiteElo "2317"]
[BlackElo "2466"]
[PlyCount "112"]
[EventDate "2007.07.20"]

1. d4 g6 2. e4 Bg7 3. Nc3 d6 4. Be3 a6 5. Bd3 e6 6. Qd2 h6 7. Nge2 Ne7 8. f3
Nd7 9. O-O c5 10. Rad1 Qc7 11. dxc5 dxc5 12. Ng3 Nc6 13. f4 Nd4 14. e5 Nf5 15.
Nce4 Bf8 16. Be2 b6 17. Bf3 Ra7 18. Nxf5 gxf5 19. Nd6+ Bxd6 20. Qxd6 Qxd6 21.
Rxd6 Bb7 22. Bxb7 Rxb7 23. Bf2 Kd8 24. Bh4+ Kc8 25. c4 Nb8 26. Rf3 Rg8 27. Rb3
Nd7 28. h3 Kc7 29. Rbd3 Kc8 30. Kf2 Rg6 31. Kf3 h5 32. Bf2 Rg8 33. Bh4 Rg6 34.
Rd2 Rg8 35. Ke3 Rg6 36. Kd3 Rc7 37. Kc3 Rg7 38. a3 Rg6 39. b4 b5 40. cxb5 axb5
41. bxc5 Nxc5 42. Kb4 Ne4 43. Rd8+ Kb7 44. Rb2 Nc3 45. g3 Rc4+ 46. Kb3 Ne4 47.
Rc2 Rxc2 48. Kxc2 Nxg3 49. Rd7+ Kc6 50. Rxf7 Ne4 51. Kd3 Rg1 52. Re7 Rh1 53.
Ke2 Rh2+ 54. Kd1 Kd5 55. Rd7+ Kc4 56. Re7 Kd3 0-1

[Event "PARDUBICE OPEN  2007 "]
[Site "CEZ arena,  Pardubice  (CZE)"]
[Date "2007.07.25"]
[Round "6"]
[White "Swicarz, Maciej"]
[Black "Podolchenko, Evgeniy"]
[Result "0-1"]
[WhiteElo "2316"]
[BlackElo "2458"]
[PlyCount "96"]
[EventDate "2007.07.20"]

1. Nf3 Nf6 2. c4 c5 3. Nc3 e6 4. e4 d6 5. Be2 b6 6. d4 cxd4 7. Nxd4 Bb7 8. f3
Be7 9. O-O O-O 10. b3 a6 11. Qd2 Nbd7 12. Rd1 Qc7 13. Ba3 Rac8 14. Rac1 Qb8 15.
Qe3 Rfe8 16. f4 Bf8 17. Nc2 Red8 18. g4 Nc5 19. Bf3 d5 20. exd5 Bd6 21. Rd4 Re8
22. g5 exd5 23. Qd2 Nce4 24. Nxe4 Nxe4 25. Bxe4 Bxa3 26. Bxh7+ Kxh7 27. Nxa3
dxc4 28. Rcxc4 Kg8 29. g6 fxg6 30. Qc3 Rcd8 31. Nc2 Re7 32. Rxd8+ Qxd8 33. Rd4
Qe8 34. Rd6 b5 35. Qd2 Qf7 36. Rd8+ Kh7 37. Qf2 Qf6 38. Rb8 g5 39. f5 Qc6 40.
Qg3 Qc5+ 41. Qf2 Qd5 42. Rxb7 Rxb7 43. Nd4 Rd7 44. Nf3 Qxf5 45. Qg3 g4 46. Ne1
Rd1 47. Kg2 Qe4+ 48. Kf1 Rd2 0-1

[Event "PARDUBICE OPEN  2007 "]
[Site "CEZ arena,  Pardubice  (CZE)"]
[Date "2007.07.25"]
[Round "6"]
[White "Kiewra, Keaton"]
[Black "Kuznetsov, Viktor"]
[Result "0-1"]
[WhiteElo "2314"]
[BlackElo "2448"]
[PlyCount "86"]
[EventDate "2007.07.20"]

1. e4 c5 2. Nf3 d6 3. d4 cxd4 4. Nxd4 Nf6 5. Nc3 a6 6. Bg5 e6 7. f4 Qb6 8. Qd2
Qxb2 9. Rb1 Qa3 10. f5 Nc6 11. fxe6 fxe6 12. Nxc6 bxc6 13. e5 dxe5 14. Bxf6
gxf6 15. Ne4 Be7 16. Be2 h5 17. Rf1 f5 18. Rf3 Qa4 19. Nd6+ Bxd6 20. Qxd6 Qa5+
21. Kf1 Ra7 22. Rb8 Kf7 23. Rbb3 Qd5 24. Qb8 Re7 25. Qb4 Qd4 26. Qe1 h4 27. Rb4
Qd8 28. Rxh4 Ree8 29. Rfh3 Rxh4 30. Rxh4 Rh8 31. Bh5+ Kf6 32. Bf3 c5 33. Rc4 a5
34. Kg1 e4 35. Be2 Ba6 36. Ra4 Bxe2 37. Qxe2 Qd7 38. Rc4 Qd5 39. h3 Rb8 40. h4
Rb1+ 41. Kh2 Rd1 42. Qe3 Qxc4 43. Qh6+ Ke7 0-1